000 00296 a2200121 4500
005 20250701101323.0
020 _a1-55822-191-3
082 _a443 COX
245 _aApics Dictionary,
260 _aNew York,
_bApics Dictionary,
_c2002.
300 _aviii; 132p: ill; Picture,
_c27cm.
942 _2ddc
_cBKS
999 _c6504
_d6504